Les départements votant le plus à l'extrême-droite en 2022 - Statistiques

Statistiques générales
  • Ce quiz a été pris 87 fois
  • Le résultat moyen est 16 sur 30
Statistiques - réponses
Pourcentage Région Département % Correct
45,61 % Hauts-de-France Pas-de-Calais
83%
46,41 % Provence-Alpes-Côte-d'Azur Var
81%
44,37 % Corse Corse-du-Sud
71%
43,03 % Provence-Alpes-Côte-d'Azur Alpes-Maritimes
70%
42,07 % Corse Haute-Corse
69%
48,30 % Hauts-de-France Aisne
64%
40,32 % Hauts-de-France Somme
64%
41,92 % Hauts-de-France Oise
63%
41,73 % Provence-Alpes-Côte-d'Azur Vaucluse
63%
39,20 % Grand Est Haut-Rhin
60%
40,29 % Grand Est Moselle
60%
39,01 % Provence-Alpes-Côte-d'Azur Bouches-du-Rhône
56%
39,92 % Grand Est Marne
56%
43,20 % Grand Est Aube
54%
40,80 % Occitanie Aude
54%
46,23 % Grand Est Haute-Marne
54%
40,60 % Occitanie Gard
53%
45,03 % Grand Est Meuse
53%
44,78 % Grand Est Ardennes
50%
43,91 % Occitanie Pyrénées-Orientales
49%
41,18 % Bourgogne-Franche-Comté Yonne
49%
41,22 % Normandie Eure
46%
41,72 % Grand Est Vosges
46%
37,69 % Provence-Alpes-Côte-d'Azur Alpes-de-Haute-Provence
43%
37,98 % Bourgogne-Franche-Comté Nièvre
43%
38,00 % Bourgogne-Franche-Comté Territoire de Belfort
39%
44,48 % Bourgogne-Franche-Comté Haute-Saône
33%
39,34 % Occitanie Tarn-et-Garonne
33%
37,94 % Nouvelle-Aquitaine Lot-et-Garonne
31%
37,49 % Centre-Val-de-Loire Eure-et-Loir
26%
Aucun quiz correspondant
Distribution des résultats
% des personnes avec chaque résultat
Percentile par nombre de réponses
Votre historique - résultats
Vous n’avez pas pris ce quiz